000 00994nam a22003137a 4500
003 CHAP
005 20220329141743.0
008 971013s1989 r 00010 d
010 _a73358
011 _a74330
035 _a83889
040 _cCHAP
082 _a312
_bM49
110 _aMéxico. Dirección General de Planificación Familiar
_977029
245 _aEncuesta nacional sobre fecundidad y salud 1987
260 _aMéxico, D. F. :
_bLa Dirección,
_c1989
300 _a231 p.
_b; cuadros
590 _aBATCH-UPD
_b10
_c20130110
_lUCH01
_h1638
590 _aBATCH-UPD
_b10
_c20130410
_lUCH01
_h1029
590 _aBATCH-UPD
_b10
_c20130914
_lUCH01
_h1141
590 _aCONVERSION
_b10
_c20130109
_lUCH01
_h1340
650 1 4 _aDemografía.
_931742
650 1 4 _aFamilia
_xPlaneación.
_939409
650 1 4 _aPoblación
_xMéxico.
_989408
650 1 4 _aSalud pública.
_9101813
901 _aBK
942 _cLIBRO
949 _a312 M49
_bBC
_cLIBRO
_d33724000300299
_eLIBRO
_h86834
_i83889
_mD
_si
999 _c73358
_d73358